Patrimonio y conservación arqueología (Record no. 26479)
[ view plain ]
| 000 -LEADER | |
|---|---|
| fixed length control field | 01930cam a22003855a 4500 |
| 001 - CONTROL NUMBER | |
| control field | 12413383 |
| 005 - DATE AND TIME OF LATEST TRANSACTION | |
| control field | 20180416110100.0 |
| 008 - FIXED-LENGTH DATA ELEMENTS--GENERAL INFORMATION | |
| fixed length control field | 010517s2000 mx ab grb 100 0 spa d |
| 010 ## - LIBRARY OF CONGRESS CONTROL NUMBER | |
| LC control number | 2001378523 |
| 020 ## - INTERNATIONAL STANDARD BOOK NUMBER | |
| International Standard Book Number | 9701825004 |
| 020 ## - INTERNATIONAL STANDARD BOOK NUMBER | |
| International Standard Book Number | 9789701825006 |
| 035 ## - SYSTEM CONTROL NUMBER | |
| System control number | (MxMxBFM)bm970112595 |
| 040 ## - CATALOGING SOURCE | |
| Original cataloging agency | DLC |
| Language of cataloging | eng |
| Transcribing agency | DLC |
| Modifying agency | DLC |
| -- | EG-ScBUE |
| 043 ## - GEOGRAPHIC AREA CODE | |
| Geographic area code | n-mx--- |
| 082 04 - DEWEY DECIMAL CLASSIFICATION NUMBER | |
| Classification number | 363.69 |
| Item number | PAT |
| Edition number | 22 |
| 111 2# - MAIN ENTRY--MEETING NAME | |
| Meeting name or jurisdiction name as entry element | World Congress on the Conservation of Monumental Heritage |
| Date of meeting | (1999 : |
| Location of meeting | Mexico City, Mexico) |
| 245 10 - TITLE STATEMENT | |
| Title | Patrimonio y conservación arqueología |
| Remainder of title | congreso mundial de conservación del patrimonio monumental, XII asamblea general ICOMOS, ciudad de México, octubre 17-23 de 1999 / |
| Statement of responsibility, etc | María de la Cruz Paillés, Hernando Gómez Rueda, Noemí Castillo Tejero. |
| 246 33 - VARYING FORM OF TITLE | |
| Title proper/short title | Heritage and conservation archeology world congress for the conservation of monumental heritage, XII general assembly ICOMOS, Mexico City, October 17-23, 1999 |
| 250 ## - EDITION STATEMENT | |
| Edition statement | 1st ed. |
| 260 ## - PUBLICATION, DISTRIBUTION, ETC. (IMPRINT) | |
| Place of publication, distribution, etc | México, D.F. : |
| Name of publisher, distributor, etc | Instituto Nacional de Antropología e Historia, |
| Date of publication, distribution, etc | 2000. |
| 300 ## - PHYSICAL DESCRIPTION | |
| Extent | 188 p. : |
| Other physical details | ill., maps ; |
| Dimensions | 26 cm. |
| 504 ## - BIBLIOGRAPHY, ETC. NOTE | |
| Bibliography, etc | Includes bibliographical references. |
| 541 ## - IMMEDIATE SOURCE OF ACQUISITION NOTE | |
| Source of acquisition | Ambassador Ali Al-Hafni ; |
| 650 #7 - SUBJECT ADDED ENTRY--TOPICAL TERM | |
| Topical term or geographic name as entry element | Monuments |
| General subdivision | Conservation and restoration |
| Form subdivision | Congresses. |
| Source of heading or term | BUEsh |
| 650 #7 - SUBJECT ADDED ENTRY--TOPICAL TERM | |
| Topical term or geographic name as entry element | Antiquities |
| General subdivision | Collection and preservation |
| Form subdivision | Congresses. |
| Source of heading or term | BUEsh |
| 650 #7 - SUBJECT ADDED ENTRY--TOPICAL TERM | |
| Topical term or geographic name as entry element | Cultural property |
| General subdivision | Protection |
| Form subdivision | Congresses. |
| Source of heading or term | BUEsh |
| 650 #7 - SUBJECT ADDED ENTRY--TOPICAL TERM | |
| Topical term or geographic name as entry element | Monuments |
| General subdivision | Conservation and restoration |
| Geographic subdivision | Mexico |
| Form subdivision | Congresses. |
| Source of heading or term | BUEsh |
| 651 #7 - SUBJECT ADDED ENTRY--GEOGRAPHIC NAME | |
| Geographic name | Mexico |
| General subdivision | Antiquities |
| -- | Collection and preservation |
| Form subdivision | Congresses. |
| Source of heading or term | BUEsh |
| 653 ## - INDEX TERM--UNCONTROLLED | |
| Resource For college | Generalities |
| Arrived date list | April2018 |
| 700 1# - ADDED ENTRY--PERSONAL NAME | |
| Personal name | Paillés H., Maricruz |
| Fuller form of name | (Paillés Hernández), |
| Relator term | editor. |
| 700 1# - ADDED ENTRY--PERSONAL NAME | |
| Personal name | Gómez Rueda, Hernando, |
| Relator term | editor. |
| 700 1# - ADDED ENTRY--PERSONAL NAME | |
| Personal name | Castillo Tejero, Noemí, |
| Relator term | editor. |
| 710 2# - ADDED ENTRY--CORPORATE NAME | |
| Corporate name or jurisdiction name as entry element | International Council on Monuments and Sites. |
| Subordinate unit | General Assembly |
| Number of part/section/meeting | (12th : |
| Date of meeting or treaty signing | 1999 : |
| Location of meeting | Mexico City, Mexico) |
| 942 ## - ADDED ENTRY ELEMENTS (KOHA) | |
| Source of classification or shelving scheme | Dewey Decimal Classification |
| Withdrawn status | Item status | Source of classification or shelving scheme | Damaged status | Not for loan | Vendor | Home library | Current library | Shelving location | Date acquired | Source of acquisition | Total Checkouts | Full call number | Barcode | Date last seen | Koha item type |
|---|---|---|---|---|---|---|---|---|---|---|---|---|---|---|---|
| Dewey Decimal Classification | Donation-Gift | Central Library | Central Library | First floor | 10/04/2018 | Donation | 363.69 PAT | 000043159 | 15/07/2025 | Book - Borrowing |